Maǧara Arkadaşları : Öykü (Record no. 4008)

000 -LEADER
fixed length control field 00537nam a22001817a 4500
008 - FIXED-LENGTH DATA ELEMENTS--GENERAL INFORMATION
fixed length control field 200116b ||||| |||| 00| j eng d
020 ## - INTERNATIONAL STANDARD BOOK NUMBER
International Standard Book Number 9750706811
041 ## - LANGUAGE CODE
Language code of text/sound track or separate title Türkçe
050 ## - LIBRARY OF CONGRESS CALL NUMBER
Classification number PL248.T863
100 ## - MAIN ENTRY--PERSONAL NAME
9 (RLIN) 1323
Personal name Tunç, Ayfer
245 ## - TITLE STATEMENT
Title Maǧara Arkadaşları : Öykü
Statement of responsibility, etc. Yayına Hazırlayan : Faruk Duman
250 ## - EDITION STATEMENT
Edition statement 1.Basım
260 ## - PUBLICATION, DISTRIBUTION, ETC.
Place of publication, distribution, etc. İstanbul:
Name of publisher, distributor, etc. CanYayınları,
Date of publication, distribution, etc. Kasım 2006
300 ## - PHYSICAL DESCRIPTION
Extent 188 Sayfa
500 ## - GENERAL NOTE
General note "Ahmet Tüzün / 2006 / Antalya" notu düşülmüş.
650 #0 - SUBJECT ADDED ENTRY--TOPICAL TERM
9 (RLIN) 145
Topical term or geographic name entry element Türk Edebiyatı
942 ## - ADDED ENTRY ELEMENTS (KOHA)
Source of classification or shelving scheme
Koha item type Books
Holdings
Withdrawn status Lost status Source of classification or shelving scheme Damaged status Not for loan Permanent Location Current Location Shelving location Date acquired Full call number Barcode Date last seen Price effective from Koha item type
        Ödünç verilemez İmren Ahmet Tüzün Kütüphanesi İmren Ahmet Tüzün Kütüphanesi Ahmet Tüzün 2020-01-16 PL248.T863 100100004292 2020-01-16 2020-01-16 Books

This software was implemented, installed and managed by Devinim Software Training Consulting .